00626nam a2200169 a 450000500170000000800410001702000180005805000200007610000210009624500630011726000370018030000230021744000220024052001500026265000250041265000190043720140412111235.0040422s19uu xx 00 eng d a0-394-89131-7 aERbBe35On 1987 aBerenstain, Stan aBerenstain Bears :bOn the job /cStan and Jan Berenstain. aNew York :bRandom House,c1987. a1 v. (unp.) ; ill. aA First Time Book aTwo young bears speculate on all the things they could grow up to be, including a bus driver, farmer, scientist, singer, and computer programmer. aOccupationsxFiction aBearsxFiction